000
00239nam a2200085Ia 4500
245
0
_a
The book of unholy mischief : a novel
100
_a
NEWMARK, Elle London, 2009
_9
82480
942
_c
BK
008
210817s9999 xx 000 0 und d
999
_c
298155
_d
298153